000
00366nam a22001577a 4500
003
MPLRDC
005
20220104123750.0
008
210129b ||||| |||| 00| 0 eng d
082
_a
418.31 SW
100
_a
不详
245
_a
药物制品及制剂
_c
260
_a
_b
商务印书馆
_c
1970
300
_b
精
650
_a
药品构造
942
_c
BK
_o
418.31 SW
999
_c
14016
_d
14006